[Event "Pfalz-ch HT3 86th"]
[Site "Wolfstein"]
[Date "2017.04.15"]
[Round "7"]
[White "Hoppe, Florian"]
[Black "Kuwatli, Ammar"]
[Result "1/2-1/2"]
[WhiteElo "1564"]
[BlackElo "1802"]
[PlyCount "95"]
[EventDate "2017.04.07"]
[EventType "swiss"]
[EventRounds "7"]
[EventCountry "GER"]
[SourceTitle "EXT 2018"]
[Source "ChessBase"]
[SourceDate "2017.10.13"]
[SourceVersion "1"]
[SourceVersionDate "2017.10.13"]
[SourceQuality "1"]

1. d4 Nf6 2. Bg5 e6 3. e4 h6 4. Bxf6 Qxf6 5. Nf3 Nc6 6. Be2 g5 7. h3 d6 8. Nc3 Bg7 9. Nb5 Qe7 10. c3 a6 11. Na3 b5 12. Qd3 Bb7 13. Nc2 Na5 14. b3 c5 15. Ne3 Rc8 16. 0-0 0-0 17. Rfc1 Nc6 18. d5 Ne5 19. Nxe5 Bxe5 20. Ng4 Bg7 21. dxe6 Qxe6 22. Bf3 b4 23. Ne3 bxc3 24. Nf5 Be5 25. Rc2 c4 26. bxc4 Qxc4 27. Qxc4 Rxc4 28. Re1 Kh7 29. Ne3 Rc5 30. Rb1 Bc6 31. Rb6 Bb5 32. Be2 Rfc8 33. Bxb5 Rxb5 34. Rxb5 axb5 35. Kf1 Ra8 36. Ke2 Ra4 37. f3 h5 38. Nd5 Rc4 39. Kd3 Rd4+ 40. Ke3 b4 41. Ne7 Rd1 42. Nc6 Bf4+ 43. Ke2 Rb1 44. Kd3 Kg7 45. Kc4 Rb2 46. Nxb4 Be5 47. a3 Kf6 48. Kd3 1/2-1/2

[Event "Pfalz-ch HT3 86th"]
[Site "Wolfstein"]
[Date "2017.04.14"]
[Round "5"]
[White "Hofmann, Christian"]
[Black "Kuwatli, Ammar"]
[Result "0-1"]
[WhiteElo "1951"]
[BlackElo "1802"]
[PlyCount "98"]
[EventDate "2017.04.07"]
[EventType "swiss"]
[EventRounds "7"]
[EventCountry "GER"]
[SourceTitle "EXT 2018"]
[Source "ChessBase"]
[SourceDate "2017.10.13"]
[SourceVersion "1"]
[SourceVersionDate "2017.10.13"]
[SourceQuality "1"]

1. d4 Nf6 2. c4 e6 3. Nc3 Bb4 4. Qc2 d5 5. a3 Bxc3+ 6. Qxc3 0-0 7. Nf3 Nbd7 8. e3 Qe7 9. Be2 b6 10. cxd5 Nxd5 11. Qc2 f5 12. b4 Bb7 13. 0-0 Rf6 14. Bd3 Rc8 15. e4 fxe4 16. Bxe4 h6 17. Re1 Qd6 18. Ne5 Rcf8 19. Bh7+ Kh8 20. Ng6+ Kxh7 21. Nxf8+ Kg8 22. Nxd7 Qxd7 23. Be3 Bc6 24. Rac1 Ba4 25. Qe4 Bb3 26. g4 Rf8 27. Bd2 Nf6 28. Qf4 g5 29. Qe3 Bd5 30. h3 Ne4 31. Rf1 Qd6 32. b5 Nxd2 33. Qxd2 Qxa3 34. Qc3 Qe7 35. f4 gxf4 36. Qxc7 Qh4 37. Rc3 h5 38. Qe5 hxg4 39. Rxf4 Rxf4 40. Qxf4 Qe1+ 41. Kh2 Qxc3 42. Qxg4+ Kf7 43. Qf4+ Ke8 44. Qe5 Qf3 45. Qb8+ Kf7 46. Qc7+ Kg6 47. Qc2+ Kg5 48. Qb2 Qh1+ 49. Kg3 Qg1+ 0-1

[Event "Pfalz-ch HT3 86th"]
[Site "Wolfstein"]
[Date "2017.04.09"]
[Round "4"]
[White "Kuwatli, Ammar"]
[Black "Guthmann, Andreas"]
[Result "1-0"]
[WhiteElo "1802"]
[BlackElo "1927"]
[PlyCount "71"]
[EventDate "2017.04.07"]
[EventType "swiss"]
[EventRounds "7"]
[EventCountry "GER"]
[SourceTitle "EXT 2018"]
[Source "ChessBase"]
[SourceDate "2017.10.13"]
[SourceVersion "1"]
[SourceVersionDate "2017.10.13"]
[SourceQuality "1"]

1. d4 Nf6 2. c4 e6 3. Nc3 d5 4. cxd5 exd5 5. Bg5 Be7 6. Qc2 Nbd7 7. e3 c6 8. Bd3 0-0 9. Nge2 Re8 10. 0-0 Nf8 11. Rfe1 Ng4 12. Bxe7 Qxe7 13. Ng3 Qh4 14. h3 Nh6 15. Qe2 g6 16. Qf3 Ne6 17. Nge2 f5 18. Qg3 Qf6 19. Nf4 Ng7 20. Qf3 Be6 21. Rac1 Bf7 22. Bf1 g5 23. Nd3 g4 24. Qg3 Nh5 25. Qh2 gxh3 26. Qxh3 Kh8 27. Be2 Qg5 28. f4 Qg6 29. Ne5 Rxe5 30. Bxh5 Qxh5 31. Qxh5 Bxh5 32. fxe5 Rg8 33. Ne2 Bf3 34. Nf4 Be4 35. b4 Ng4 36. b5 1-0